Music Quiz

Random Music or Artist Quiz
Score 0/200 Timer 20:00
0 Plays Today
Total Number of Sold Units Artist % Correct
170 MillionsThe Beatles
98.5%
61.5 MillionsMichael Jackson
94.4%
120 MillionsElvis Presley
92.4%
66 MillionsThe Rolling Stones
91.8%
26 MillionsJanet Jackson
90.4%
111.5 MillionsLed Zeppelin
88.3%
70 MillionsElton John
88.2%
128 MillionsGarth Brooks
86.2%
63.5 MillionsMadonna
86.1%
42.5 MillionsAlan Jackson
85.4%
100 MillionsEagles
84.7%
74.5 MillionsPink Floyd
83.5%
21 MillionsThe Who
82.2%
50.5 MillionsU2
82.1%
58 MillionsMetallica
81.7%
66.5 MillionsAerosmith
81.5%
25 MillionsNirvana
81.5%
54 MillionsWhitney Houston
81.2%
71 MillionsAC/DC
80.9%
15 MillionsPaul McCartney
80.6%
64 MillionsBruce Springsteen
79.7%
79.5 MillionsBilly Joel
79.5%
32 MillionsBritney Spears
79.3%
14 MillionsJohn Lennon
78.9%
62.5 MillionsMariah Carey
78.9%
32.5 MillionsQueen
78.2%
37 MillionsBackstreet Boys
77.9%
28 Millions*NSYNC
77.5%
12.5 MillionsClint Black
76.9%
27 MillionsEminem
76.8%
50 MillionsCéline Dion
76.7%
39.5 MillionsPrince
76.6%
37 MillionsBob Dylan
76.6%
34 MillionsBon Jovi
76.2%
26 MillionsJay-Z
76.2%
22.5 MillionsThe Police
75.1%
27 MillionsFrank Sinatra
74.9%
21.5 MillionsThe Beach Boys
74.7%
22.5 MillionsJimi Hendrix
73.6%
56.5 MillionsVan Halen
73.3%
21 MillionsJohnny Cash
72.9%
19.5 MillionsStevie Wonder
72.8%
48.5 MillionsFleetwood Mac
72.6%
13.5 MillionsPaul Simon
72.6%
22.5 MillionsGreen Day
72.5%
32.5 MillionsThe Doors
72.2%
42.5 MillionsEric Clapton
72%
38.5 MillionsSimon and Garfunkel
71.7%
48 MillionsShania Twain
71.5%
17.5 MillionsNeil Young
71.5%
25.5 MillionsFaith Hill
71.5%
71 MillionsBarbra Streisand
70.5%
14.5 MillionsChristina Aguilera
70.3%
31 MillionsPearl Jam
70.2%
18 MillionsCrosby, Stills, Nash & Young
70%
26 MillionsBee Gees
69.7%
38 MillionsChicago
69.6%
47 MillionsJourney
69%
43.5 MillionsGuns n' Roses
68.8%
35 MillionsTim McGraw
68.8%
29 MillionsTom Petty
68.7%
28.5 MillionsTom Petty and the Heartbreakers
68.7%
21.5 MillionsGenesis
68.5%
37.5 Millions2Pac
68.3%
26 MillionsCreedence Clearwater Revival
68.3%
33.5 MillionsPhil Collins
68.2%
68.5 MillionsGeorge Strait
67.6%
Total Number of Sold Units Artist % Correct
43 MillionsSantana
67.5%
35 MillionsWillie Nelson
67.3%
15 MillionsGeorge Michael
67.3%
18 MillionsSting
67.2%
15 MillionsBlack Sabbath
66.8%
28 MillionsLynyrd Skynyrd
66.7%
15.5 MillionsJanis Joplin
66.6%
17.5 MillionsDestiny's Child
66.2%
12.5 MillionsCher
66.2%
20 MillionsR.E.M.
66.1%
48.5 MillionsNeil Diamond
66%
14.5 MillionsCarole King
65.9%
35 MillionsDef Leppard
65.5%
16 MillionsNorah Jones
65.4%
40.5 MillionsReba McEntire
65.1%
24 MillionsToby Keith
65.1%
46 MillionsAlabama
64.8%
17.5 MillionsGrateful Dead
64.4%
19 MillionsKISS
64.3%
17 MillionsThe Notorious B.I.G.
64.2%
33 MillionsJames Taylor
64.1%
31 MillionsBoston
64.1%
51 MillionsKenny Rogers
64%
37 MillionsRod Stewart
63.9%
37.5 MillionsForeigner
63.8%
25 MillionsZZ Top
62.7%
22.5 MillionsKenny Chesney
62.4%
19.5 MillionsHank Williams, Jr.
61.9%
27.5 MillionsBarry Manilow
61.8%
16.5 MillionsBob Marley & the Wailers
61.3%
13.5 MillionsThe Temptations
61.3%
22 MillionsTLC
61.2%
16.5 MillionsNew Kids on the Block
61.1%
12.5 MillionsSnoop Dogg
60.8%
27 MillionsBoyz II Men
60.3%
28.75 MillionsOzzy Osbourne
60.2%
26.5 MillionsBrooks and Dunn
60.1%
30.5 MillionsThe Dixie Chicks
60%
17.5 MillionsStyx
60%
25 MillionsRush
59.4%
23.5 MillionsEarth, Wind & Fire
59.4%
27.5 MillionsJohn Cougar Mellencamp
59.1%
22 MillionsLionel Richie
58.9%
25 MillionsCreed
58.8%
22 MillionsREO Speedwagon
58.4%
21.5 MillionsHeart
58.4%
21.5 MillionsRed Hot Chili Peppers
58.2%
41 MillionsBob Seger & the Silver Bullet Band
58.1%
19 MillionsLinkin Park
58.1%
12 MillionsElectric Light Orchestra
58.1%
22 MillionsBeastie Boys
58%
13.5 MillionsJefferson Airplane
57.9%
32.5 MillionsJohn Denver
57.7%
17 MillionsBryan Adams
57%
20.5 MillionsAlanis Morissette
56.8%
24.5 MillionsSteve Miller Band
56.6%
16 MillionsSheryl Crow
56.4%
21.5 MillionsUsher
56.1%
13.5 MillionsYes
56%
32 MillionsDave Matthews Band
55.9%
24.5 MillionsCarpenters
55.7%
48 MillionsKenny G.
55.2%
14.5 MillionsPoison
55.2%
13 MillionsDaryl Hall & John Oates
55.2%
21 MillionsNelly
55.1%
14 MillionsOlivia Newton-John
54.9%
12.5 MillionsWhitesnake
54.9%
Total Number of Sold Units Artist % Correct
15.5 MillionsKansas
54.3%
26.5 MillionsEnya
54%
33 MillionsR. Kelly
53.9%
30 MillionsLinda Ronstadt
53.9%
20 MillionsHootie & the Blowfish
53.8%
16.5 MillionsKorn
53.5%
14 MillionsAlicia Keys
53.5%
14 MillionsMartina McBride
53.4%
24 MillionsVince Gill
53.3%
28 MillionsMichael Bolton
52.6%
19 MillionsNickelback
52.1%
18.75 MillionsSmashing Pumpkins
52.1%
17 MillionsBonnie Raitt
51.8%
18 MillionsRandy Travis
51.7%
17.5 MillionsStone Temple Pilots
51.3%
16.5 MillionsLeAnn Rimes
51.3%
18.5 MillionsJewel
51.2%
23.5 MillionsMötley Crüe
51%
16.5 MillionsLimp Bizkit
50.9%
22 MillionsThe Doobie Brothers
50.8%
15 MillionsPatsy Cline
50.7%
21 MillionsMeat Loaf
50.6%
22 MillionsOutKast
50.5%
17.5 MillionsThe Monkees
50.5%
12.5 MillionsTrisha Yearwood
50.5%
25 MillionsLuther Vandross
50.4%
17 MillionsRascal Flatts
50%
15 MillionsNo Doubt
50%
23.5 MillionsThe Cars
49.3%
13.5 MillionsNatalie Cole
49.3%
15.5 MillionsGloria Estefan
49.2%
18 MillionsMary J. Blige
49.1%
12.5 MillionsPat Benatar
48.4%
12 MillionsCounting Crows
48%
12.5 MillionsLL Cool J
47.7%
17 MillionsAmy Grant
47.2%
23 MillionsJimmy Buffett
47.1%
22.5 MillionsSade
47%
18.5 MillionsSarah McLachlan
47%
18.5 MillionsJackson Browne
47%
19.5 MillionsToni Braxton
46.9%
15 MillionsINXS
46.4%
14.5 MillionsAnne Murray
46.4%
13.5 MillionsThe Charlie Daniels Band
46.4%
22 MillionsKid Rock
45.8%
15.5 MillionsDire Straits
45%
13 MillionsMelissa Etheridge
44.7%
18.5 MillionsMatchbox Twenty
44.6%
15.5 MillionsThe Isley Brothers
44.6%
17 MillionsJohnny Mathis
44.2%
12 MillionsAnita Baker
43.5%
28 MillionsMannheim Steamroller
43%
13 MillionsTracy Chapman
42.8%
15.5 MillionsCat Stevens
42.6%
14.5 MillionsThe Cranberries
42%
14.5 MillionsThe Offspring
41.7%
14 MillionsJohn Michael Montgomery
41.5%
17.5 MillionsJosh Groban
40.7%
16 MillionsMC Hammer
39.7%
12.5 MillionsBone Thugs-n-Harmony
39%
14 MillionsDMX
38.8%
16 MillionsHarry Connick, Jr.
38.2%
15.5 MillionsBad Company
38.2%
14 MillionsTed Nugent
37.2%
13 MillionsKeith Sweat
37%
15 MillionsDan Fogelberg
35.5%
Remove Ads.
Support Sporcle.
Get the best of Sporcle when you Go Orange. This ad-free experience offers more features, more stats, and more fun while also helping to support Sporcle. Thank you for becoming a member.

You're not logged in!

Compare scores with friends on all Sporcle quizzes.
OR
Log In

Show Comments

Extras

Top Quizzes Today


Score Distribution

Your Account Isn't Verified!

In order to create a playlist on Sporcle, you need to verify the email address you used during registration. Go to your Sporcle Settings to finish the process.

Report this User

Report this user for behavior that violates our Community Guidelines.

Details: